000 00277nam a2200109Ia 4500
008 200302s9999 xx 000 0 und d
100 _aZone Attive
245 _a40 The New Generation of Interantional Architecture
260 _bSkira Milano
260 _c2002
300 _a237 P.,
999 _c1970
_d1970